Nomenclátor de las ciudades, villas, lugares, aldeas y demás entidades de población de España / (Record no. 113814)

MARC details
000 -LEADER
campo de control de longitud fija 00758nam a2200181 i 4500
001 - NÚMERO DE CONTROL
campo de control 113814
003 - IDENTIFICADOR DE NÚMERO DE CONTROL
campo de control ES-MaACL
005 - FECHA Y HORA DE LA ÚLTIMA TRANSACCIÓN
campo de control 20250603181633.0
007 - CAMPO FIJO DE DESCRIPCIÓN FÍSICA--INFORMACIÓN GENERAL
campo de control de longitud fija t|
008 - DATOS DE LONGITUD FIJA--INFORMACIÓN GENERAL
campo de control de longitud fija 061121s1933 sp |||| | spa d
245 00 - MENCIÓN DEL TÍTULO
Título Nomenclátor de las ciudades, villas, lugares, aldeas y demás entidades de población de España /
Mención de responsabilidad, etc. formado por la Dirección General del Instituto Geográfico, Catastral y de Estadística, en referencia al 31 de diciembre de 1930.
260 ## - PUBLICACIÓN, DISTRIBUCIÓN, ETC.
Lugar de publicación, distribución, etc. Madrid :
Nombre del editor, distribuidor, etc. [s.n.],
Fecha de publicación, distribución, etc. 1933 (
Fabricante Talleres del Instituto Geográfico)
300 ## - DESCRIPCIÓN FÍSICA
Extensión 4 v. ;
Dimensiones 33 cm.
651 #7 - PUNTO DE ACCESO ADICIONAL DE MATERIA--NOMBRE GEOGRÁFICO
Nombre geográfico España-
Subdivisión general Nomencladores
Fuente del encabezamiento o término
9 (RLIN) 165997
710 0# - ENTRADA AGREGADA--NOMBRE DE ENTIDAD CORPORATIVA
Nombre de entidad corporativa o nombre de jurisdicción como elemento de entrada Instituto Geográfico, Catastral y de Estadística (España)
9 (RLIN) 5072
852 ## - LOCALIZACIÓN
Ubicación ES-MaACL
Número de control de estantería F-15365-68
Holdings
Estatus retirado Estado de pérdida Estado de daño No para préstamo Biblioteca de origen Biblioteca actual Ubicación en estantería Fecha de adquisición Fuente de adquisición Total de préstamos Signatura topográfica completa Código de barras Visto por última vez Precio de reemplazo Tipo de ítem Koha
        Biblioteca del Ateneo de Madrid Biblioteca del Ateneo de Madrid Sala Pecera Planta 2 17/01/2008     F-15365-68 1118698 23/02/2023 23/02/2023 Libro impreso